Welcome to CU Library Online Public Access Catalogue (OPAC)

Healers in the night / (Record no. 9517)

MARC details
000 -LEADER
fixed length control field 00858cam a2200253 a 4500
001 - CONTROL NUMBER
control field 1913703
005 - DATE AND TIME OF LATEST TRANSACTION
control field 20260422151806.0
008 - FIXED-LENGTH DATA ELEMENTS--GENERAL INFORMATION
fixed length control field 850222s1985 nyu b 000 0 eng
020 ## - INTERNATIONAL STANDARD BOOK NUMBER
International Standard Book Number 0883441993
Qualifying information pbk.
020 ## - INTERNATIONAL STANDARD BOOK NUMBER
International Standard Book Number 9780883441992
Qualifying information (pbk.)
041 1# - LANGUAGE CODE
Language code of text/sound track or separate title eng
-- fre
050 00 - LIBRARY OF CONGRESS CALL NUMBER
Classification number GR351.2.D82
Item number R6713 1985
082 00 - DEWEY DECIMAL CLASSIFICATION NUMBER
Classification number 398/.353
Edition information 19
100 1# - MAIN ENTRY--PERSONAL NAME
Personal name Rosny, Eric de,
Dates associated with a name 1930-
245 10 - TITLE STATEMENT
Title Healers in the night /
Statement of responsibility, etc. Eric de Rosny ; translated from the French by Robert R. Barr.
260 ## - PUBLICATION, DISTRIBUTION, ETC.
Place of publication, distribution, etc. Maryknoll, N.Y. :
Name of publisher, distributor, etc. Orbis Books,
Date of publication, distribution, etc. c1985.
300 ## - PHYSICAL DESCRIPTION
Extent x, 288 p. ;
Dimensions 24 cm.
500 ## - GENERAL NOTE
General note Translation of: Les yeux de ma chèvre.
650 #0 - SUBJECT ADDED ENTRY--TOPICAL TERM
Topical term or geographic name entry element Duala (African people)
General subdivision Folklore.
650 #0 - SUBJECT ADDED ENTRY--TOPICAL TERM
Topical term or geographic name entry element Duala (African people (African people)
General subdivision Medicine.
650 #0 - SUBJECT ADDED ENTRY--TOPICAL TERM
Topical term or geographic name entry element Duala (African people)
General subdivision Religion.
650 #0 - SUBJECT ADDED ENTRY--TOPICAL TERM
Topical term or geographic name entry element Traditional medicine
Geographic subdivision Cameroon
-- Douala.
942 ## - ADDED ENTRY ELEMENTS (KOHA)
Source of classification or shelving scheme Library of Congress Classification
Koha item type Books
Suppress in OPAC No
999 ## -
-- 9517
-- 9517
Holdings
Withdrawn status Lost status Source of classification or shelving scheme Damaged status Not for loan Collection Home library Current library Shelving location Date acquired Total checkouts Full call number Barcode Date last seen Price effective from Koha item type
    Library of Congress Classification     Non-fiction Main Library (Kumasi) Main Library (Kumasi) General stacks 04/22/2026   GR351.2.D82R6713 ROS bssk00000172 04/22/2026 04/22/2026 Books
© 2023-2024 Copyright: Central University Libraries. All Rights Reserved | Created by: Mahone Tech Office